| 000 | 01133cam a2200349 i 4500 | ||
|---|---|---|---|
| 001 | 9167932 | ||
| 003 | EG-ScBUE | ||
| 005 | 20250804093013.0 | ||
| 008 | 110615t2012 caua f bd 000 0 eng d | ||
| 020 | _a9780840054456 | ||
| 020 | _a0840054459 | ||
| 040 |
_aS9I _beng _erda _cS9I _dEG-ScBUE |
||
| 082 | 0 | 4 |
_a547.0076 _bMCM _222 |
| 100 | 1 |
_aMcMurry, Susan, _eauthor. _939335 |
|
| 245 | 1 | 0 |
_aOrganic chemistry / _cprepared by Susan McMurry. |
| 250 | _aEighth edition. | ||
| 264 | 1 |
_aBelmont : _bBrooks/Cole / Cengage Learning, _c[2012] |
|
| 264 | 4 | _cc2012 | |
| 300 |
_avi, 916 pages : _billustrations ; _c28 cm. |
||
| 336 |
_2rdacontent _atext _btxt |
||
| 337 |
_2rdamedia _aunmediated _bn |
||
| 338 |
_2rdacarrier _avolume _bnc |
||
| 490 | 0 | _aStudy guide and student solutions manual | |
| 500 | _aIncludes glossary. | ||
| 504 | _aIncludes bibliographical references. | ||
| 650 | 7 |
_aChemistry, Organic _vProblems, exercises, etc. _2BUEsh _934524 |
|
| 650 | 7 |
_aChemistry, Organic _vHandbooks, manuals, etc. _2BUEsh |
|
| 651 | _2BUEsh | ||
| 653 |
_bPPhrm _cJuly2015 _cFebruary2016 |
||
| 655 | _vReading book | ||
| 942 |
_2ddc _cBB |
||
| 999 |
_c20250 _d20222 |
||